Olympique de Marseille Current Squad - Statistics

General Stats
  • This quiz has been taken 463 times
    169 since last reset
  • The average score is 11 of 21
Answer Stats
# Player % Correct
16 Pau López
86%
99 Chancel Mbemba
79%
10 Dimitri Payet
72%
5 Leonardo Balerdi
72%
21 Valentin Rongier
71%
4 Samuel Gigot
70%
27 Jordan Veretout
66%
7 Jonathan Clauss
65%
70 Alexis Sánchez
64%
6 Mattéo Guendouzi
62%
11 Amine Harit
60%
17 Cengiz Ünder
52%
8 Azzedine Ounahi
50%
9 Vitinha
48%
Head Coach Marcelino
45%
22 Pape Gueye
33%
23 Sead Kolašinac
30%
1 Simon Ngapandouetnbu
24%
18 Ruslan Malinovskyi
17%
47 Bartuğ Elmaz
13%
20 Konrad de la Fuente
9%
No matching quizzes found
Score Distribution
Percent of People with Each Score
Percentile by Number Answered
Your Score History
You have not taken this quiz since the last reset